Statistics for Pokémon GO: Highest CP Rock-type Pokémon

Click here to take the quiz!

General Stats

  • This quiz has been taken 26 times
    (14 since last reset)
  • The average score is 16 of 20

Answer Stats

Max CPAnswer% Correct
3334Golem
100%
3334Golem (Alolan)
100%
3650Gigalith
92%
4655Mega Aerodactyl
92%
6045Mega Tyranitar
92%
4221Rhyperior
92%
4335Tyranitar
92%
3537Tyrantrum
92%
3391Aggron
83%
3728Rampardos
83%
3594Rhydon
83%
3766Archeops
75%
3220Armaldo
75%
4913Mega Diancie
75%
4465Nihilego
75%
4181Terrakion
75%
3556Arcanine (Hisuian)
67%
3909Avalugg (Hisuian)
67%
3530Regirock
67%
3557Kleavor
50%

Score Distribution

Percentile by Number Answered

Percent of People with Each Score

Your Score History

You have not taken this quiz since the last reset